| 000 | 00367nam a22001337a 4500 | ||
|---|---|---|---|
| 008 | 150625b xxu||||| |||| 00| 0 eng d | ||
| 020 | _a9280507613 | ||
| 082 | _a346.048 GEN | ||
| 100 | _aWorld Intellectual property organisation | ||
| 245 | _aGeneral information : | ||
| 260 |
_a[Geneva] : _bWIPO, _cc2003 |
||
| 300 |
_a24p. : _bill.col. ; _c21cm. |
||
| 942 |
_2ddc _cBK |
||
| 999 |
_c6757 _d6757 |
||